| 000 | 00499nam a2200109Ia 4500 | ||
|---|---|---|---|
| 008 | 171212s9999 xx 000 0 und d | ||
| 100 | _aAcosta, Joie D.;Ramchand, Rajeev;Becker, Amariah;Felton, Alexandria | ||
| 245 |
_cAcosta, Joie D.;Ramchand, Rajeev;Becker, Amariah;Felton, Alexandria _aDevelopment and Pilot Test of the RAND Suicide Prevention Program Evaluation Toolkit |
||
| 260 |
_bRAND Corporation _c2013 |
||
| 650 | _aHealth Sciences | ||
| 856 | _uhttp://www.jstor.org/stable/10.7249/j.ctt5vjx0v | ||
| 999 |
_c351950 _d351950 |
||